00759 2200217 4500001002100000005001500021035002000036007000300056008004100059020002200100082001000122084001600132245007800148250001100226260004500237300003000282650001200312110002700324520017400351990001600525INLIS00000000000001020220331080256 a0010-0322000010ta220331 b 0 ind  a978-602-01-2312-7 a372.1 a372.1 GRA b1 aKUPETIK :bBuku Pendamping Tematik untuk SD/MI Kelas 6A /cTim Karya Guru aRevisi aBandung :bGrafindo Media Pratama,c2018 a220 :bilustrasi ;c25 cm 4aTematik0 aGrafindo Media Pratama aBuku Pendamping Tematik (KUPETIK) 6A untuk SD/MI Kelas VI berisi latihan-latihan soal dan aktivitas yang dapat membantu siswa lebih aktif, kreatif, dan berpikir kritis. a00000000010